书目信息 |
| 题名: |
学校老师没有教的36堂人生课
|
|
| 作者: | 夏欣 著 | |
| 分册: | ||
| 出版信息: | 昆明 云南人民出版社 2005.08 |
|
| 页数: | 198页 | |
| 开本: | 23cm | |
| 丛书名: | ||
| 单 册: | ||
| 中图分类: | B821-49 | |
| 科图分类: | ||
| 主题词: | 人生观--ren sheng guan--通俗读物 | |
| 电子资源: | ||
| ISBN: | 7-222-04467-1 | |
| 000 | 00783nam0 2200217 450 | |
| 001 | 012006983130 | |
| 005 | 20060921165910.76 | |
| 010 | @a7-222-04467-1@dCNY16.00 | |
| 100 | @a20060707d2005 km y0chiy0120 ea | |
| 101 | 0 | @achi |
| 102 | @aCN@b530000 | |
| 105 | @ay z 000yy | |
| 200 | 1 | @a学校老师没有教的36堂人生课@Axue xiao lao shi mei you jiao de 36 tang ren sheng ke@f夏欣著@Fxia xin zhu |
| 210 | @a昆明@c云南人民出版社@d2005.08 | |
| 215 | @a198页@d23cm | |
| 330 | @a人生就是一场经历,经历越多的人,他的人生就越丰富。知道自己有多么伟大、多么独特、多么独一无二,这是最起码的自知之明。相信自己,就能成就一切。 | |
| 606 | 0 | @a人生观@Aren sheng guan@j通俗读物 |
| 690 | @aB821-49@v4 | |
| 701 | 0 | @a夏欣@Axia xin@4著 |
| 801 | 0 | @aCN@bQSSK@c20060921 |
| 905 | @a10447@dB821-49@eX217 | |
| 学校老师没有教的36堂人生课/夏欣著.-昆明:云南人民出版社,2005.08 |
| 198页;23cm |
| ISBN 7-222-04467-1:CNY16.00 |
| 人生就是一场经历,经历越多的人,他的人生就越丰富。知道自己有多么伟大、多么独特、多么独一无二,这是最起码的自知之明。相信自己,就能成就一切。 |
| ● |
| 相关链接 |
|
|
|
正题名:学校老师没有教的36堂人生课
索取号:B821-49/X217
 
预约/预借
| 序号 | 登录号 | 条形码 | 馆藏地/架位号 | 状态 | 备注 |
| 1 | 593756 | 205937566 | 社科库509/509社科库 27排2列2层/ [索取号:B821-49/X217] | 在馆 | |
| 2 | 593757 | 205937575 | 社科库509/509社科库 27排2列2层/ [索取号:B821-49/X217] | 在馆 | |
| 3 | 593758 | 205937584 | 社科库509/509社科库 27排2列2层/ [索取号:B821-49/X217] | 在馆 |